[Event "AUT-chT 2324"]
[Site "Austria"]
[Date "2024.03.22"]
[Round "9.6"]
[White "Ciolek, Andreas"]
[Black "Jablonicky, Martin"]
[Result "1-0"]
[WhiteElo "2224"]
[BlackElo "2393"]
[PlyCount "79"]
[EventDate "2023.11.22"]
[EventType "team-tourn"]
[EventRounds "11"]
[EventCountry "AUT"]
[SourceTitle "CB13_2024"]
[SourceDate "2024.03.27"]
[SourceVersion "1"]
[SourceVersionDate "2024.03.27"]
[SourceQuality "1"]
[WhiteTeam "Schach ohne Grenzen"]
[BlackTeam "Mistelbach"]
[WhiteTeamCountry "AUT"]
[BlackTeamCountry "AUT"]

1. d4 Nf6 2. c4 c5 3. d5 b5 4. cxb5 a6 5. bxa6 g6 6. Nc3 Bxa6 7. e4 Bxf1 8. Kxf1 d6 9. Nf3 Qc8 10. h3 Bg7 11. g3 0-0 12. Kg2 Nbd7 13. Re1 Qb7 14. a4 Rfb8 15. Ra3 Nb6 16. b3 Ne8 17. Qd3 Nc7 18. Bd2 Qa6 19. Qe3 e6 20. dxe6 Nxe6 21. Nb5 d5 22. e5 Nc8 23. Bc1 Bf8 24. Ng5 d4 25. Qf3 Nxg5 26. Bxg5 Rxb5 27. axb5 Qxa3 28. e6 Nd6 29. Qd5 c4 30. bxc4 Rc8 31. e7 Qa8 32. Qxa8 Rxa8 33. exf8Q+ Rxf8 34. Rd1 Nxc4 35. Rxd4 Rc8 36. Bd8 Kf8 37. b6 Na5 38. Bc7 Ke7 39. Ra4 Nc6 40. Bf4 1-0

[Event "Budapest FS11 GM"]
[Site "Budapest"]
[Date "2023.11.11"]
[Round "7"]
[White "Setyaki, Azarya Jodi"]
[Black "Jablonicky, Martin"]
[Result "1/2-1/2"]
[WhiteElo "2413"]
[BlackElo "2381"]
[PlyCount "80"]
[EventDate "2023.11.04"]
[EventType "tourn"]
[EventRounds "9"]
[EventCountry "HUN"]
[EventCategory "6"]
[SourceTitle "CB47_2023"]
[SourceDate "2023.11.22"]
[SourceVersion "1"]
[SourceVersionDate "2023.11.22"]
[SourceQuality "1"]

1. e4 e5 2. Nf3 Nf6 3. d4 Nxe4 4. Bd3 d5 5. Nxe5 Nd7 6. Nc3 Nxe5 7. dxe5 Bb4 8. 0-0 Nxc3 9. bxc3 Bxc3 10. Rb1 0-0 11. Bxh7+ Kxh7 12. Qd3+ Kg8 13. Qxc3 a5 14. Rb5 b6 15. Rb3 d4 16. Qg3 Bf5 17. Bh6 Bg6 18. Bg5 Qd7 19. f4 Qf5 20. Qh4 f6 21. exf6 gxf6 22. Bh6 Rf7 23. g4 Qxc2 24. f5 Bh7 25. g5 fxg5 26. Rg3 Rxf5 27. Rxf5 Bxf5 28. Rxg5+ Bg6 29. Qxd4 Qb1+ 30. Kf2 Qxa2+ 31. Kg1 Qf7 32. Qd5 Kh7 33. Qxa8 Kxh6 34. Rg3 Qf6 35. Rh3+ Bh5 36. Qd5 Qa1+ 37. Kg2 Qb2+ 38. Kg1 Qc1+ 39. Kg2 Qb2+ 40. Kg1 Qc1+ 1/2-1/2

[Event "Budapest FS11 GM"]
[Site "Budapest"]
[Date "2023.11.07"]
[Round "4"]
[White "Jablonicky, Martin"]
[Black "Srihari, LR."]
[Result "1/2-1/2"]
[WhiteElo "2381"]
[BlackElo "2460"]
[PlyCount "36"]
[EventDate "2023.11.04"]
[EventType "tourn"]
[EventRounds "9"]
[EventCountry "HUN"]
[EventCategory "6"]
[SourceTitle "CB47_2023"]
[SourceDate "2023.11.22"]
[SourceVersion "1"]
[SourceVersionDate "2023.11.22"]
[SourceQuality "1"]

1. e4 c5 2. Nf3 e6 3. d4 cxd4 4. Nxd4 Nc6 5. Nc3 Qc7 6. Be3 a6 7. Be2 Nf6 8. 0-0 Be7 9. f4 d6 10. a4 0-0 11. Kh1 Re8 12. Qe1 Rb8 13. Qg3 Bd7 14. a5 Nb4 15. Bd2 Nc6 16. Be3 Nb4 17. Bd2 Nc6 18. Be3 Nb4 1/2-1/2

[Event "SVK-ch Rapid"]
[Site "Podbanske"]
[Date "2023.10.01"]
[Round "8"]
[White "Pasti, Aron"]
[Black "Jablonicky, Martin"]
[Result "1/2-1/2"]
[WhiteElo "2394"]
[BlackElo "2383"]
[PlyCount "55"]
[EventDate "2023.09.30"]
[EventType "tourn (rapid)"]
[EventRounds "10"]
[EventCountry "SVK"]
[SourceTitle "EXT 2024"]
[Source "ChessBase"]
[SourceDate "2023.10.10"]
[SourceVersion "1"]
[SourceVersionDate "2023.10.10"]
[SourceQuality "1"]

1. e4 c5 2. Nf3 d6 3. d4 cxd4 4. Nxd4 Nf6 5. Nc3 Nc6 6. Bg5 e6 7. Qd2 a6 8. 0-0-0 Bd7 9. f4 Be7 10. Nf3 b5 11. e5 b4 12. exf6 bxc3 13. Qxc3 gxf6 14. Bh4 d5 15. Kb1 Rg8 16. f5 Rg4 17. fxe6 fxe6 18. Qd3 Re4 19. Bf2 Rb8 20. Nd2 Reb4 21. b3 f5 22. Qh3 Qa5 23. Qxh7 Bf6 24. Qg8+ Ke7 25. Qh7+ Ke8 26. Qg6+ Ke7 27. Qh7+ Kd8 28. Qf7 1/2-1/2

[Event "SVK-ch Rapid"]
[Site "Podbanske"]
[Date "2023.10.01"]
[Round "7"]
[White "Turcan, Richard"]
[Black "Jablonicky, Martin"]
[Result "0-1"]
[WhiteElo "2402"]
[BlackElo "2383"]
[PlyCount "62"]
[EventDate "2023.09.30"]
[EventType "tourn (rapid)"]
[EventRounds "10"]
[EventCountry "SVK"]
[SourceTitle "EXT 2024"]
[Source "ChessBase"]
[SourceDate "2023.10.10"]
[SourceVersion "1"]
[SourceVersionDate "2023.10.10"]
[SourceQuality "1"]

1. d4 Nf6 2. c4 c5 3. d5 b5 4. cxb5 a6 5. bxa6 g6 6. Nc3 Bxa6 7. e4 Bxf1 8. Kxf1 d6 9. Nf3 Qc8 10. g3 Qh3+ 11. Kg1 Bg7 12. Qf1 Qxf1+ 13. Kxf1 Nbd7 14. Ke2 0-0 15. Bd2 Rfb8 16. b3 Rb4 17. Kd3 Ng4 18. Rhf1 c4+ 19. Kc2 Rc8 20. Rab1 Nc5 21. h3 cxb3+ 22. axb3 Nxe4 23. hxg4 Bxc3 24. Be3 Bd2+ 25. Kd3 Rc3+ 26. Ke2 Bxe3 27. fxe3 Nxg3+ 28. Kd2 Ne4+ 29. Ke2 Rbxb3 30. Rxb3 Rxb3 31. Ra1 Nc3+ 0-1

[Event "SVK-ch Rapid"]
[Site "Podbanske"]
[Date "2023.09.30"]
[Round "2"]
[White "Jablonicky, Martin"]
[Black "Singliar, Anton"]
[Result "1-0"]
[WhiteElo "2383"]
[BlackElo "1961"]
[PlyCount "59"]
[EventDate "2023.09.30"]
[EventType "tourn (rapid)"]
[EventRounds "10"]
[EventCountry "SVK"]
[SourceTitle "EXT 2024"]
[Source "ChessBase"]
[SourceDate "2023.10.10"]
[SourceVersion "1"]
[SourceVersionDate "2023.10.10"]
[SourceQuality "1"]

1. e4 e5 2. Nf3 Nc6 3. Bb5 a6 4. Ba4 d6 5. c3 Bd7 6. 0-0 Nge7 7. d4 Ng6 8. Re1 Be7 9. Nbd2 0-0 10. Nf1 Qe8 11. Ng3 Nxd4 12. cxd4 Bxa4 13. b3 Bd7 14. Bb2 Bg4 15. Rc1 Rc8 16. h3 Bxf3 17. Qxf3 exd4 18. Bxd4 Ne5 19. Qe3 c5 20. Ba1 Rc6 21. Nf5 Bf6 22. Qg3 Qe6 23. Rcd1 Rd8 24. h4 h5 25. Rd5 Ng4 26. Bxf6 Qxf6 27. Red1 c4 28. bxc4 Rxc4 29. f3 Nh6 30. Nxg7 1-0

[Event "SVK-ch Rapid"]
[Site "Podbanske"]
[Date "2023.09.30"]
[Round "5"]
[White "Vojta, Tomas"]
[Black "Jablonicky, Martin"]
[Result "0-1"]
[WhiteElo "2311"]
[BlackElo "2383"]
[PlyCount "74"]
[EventDate "2023.09.30"]
[EventType "tourn (rapid)"]
[EventRounds "10"]
[EventCountry "SVK"]
[SourceTitle "EXT 2024"]
[Source "ChessBase"]
[SourceDate "2023.10.10"]
[SourceVersion "1"]
[SourceVersionDate "2023.10.10"]
[SourceQuality "1"]

1. e4 g6 2. d4 Bg7 3. Nc3 d6 4. Be3 a6 5. f3 b5 6. Qd2 Nd7 7. h4 h5 8. Nh3 Bb7 9. Ng5 Rc8 10. a4 c6 11. Bd3 Ngf6 12. 0-0 0-0 13. axb5 axb5 14. Ra7 Qc7 15. Rfa1 Ra8 16. Ne2 Rxa7 17. Rxa7 Ra8 18. Rxa8+ Bxa8 19. Qc3 Qa7 20. Qb3 d5 21. e5 Nxe5 22. Bxb5 Nxf3+ 23. gxf3 cxb5 24. Qxb5 e5 25. Kg2 e4 26. fxe4 dxe4 27. c4 Qc7 28. d5 Qc8 29. Ng3 Ng4 30. Bf4 e3 31. b4 Bb7 32. N5e4 Qa8 33. Qa5 Qe8 34. Nd6 e2 35. Nxe8 e1Q 36. Qa7 Qxb4 37. Ne2 Qxc4 0-1

[Event "Bratislava exe op"]
[Site "Bratislava"]
[Date "2023.09.15"]
[Round "1"]
[White "Jablonicky, Martin"]
[Black "Brida, Lukas"]
[Result "1-0"]
[WhiteElo "2381"]
[BlackElo "1825"]
[PlyCount "43"]
[EventDate "2023.09.15"]
[EventType "swiss"]
[EventRounds "9"]
[EventCountry "SVK"]
[SourceTitle "EXT 2024"]
[Source "ChessBase"]
[SourceDate "2023.10.10"]
[SourceVersion "1"]
[SourceVersionDate "2023.10.10"]
[SourceQuality "1"]

1. d4 Nf6 2. c4 g6 3. Nc3 d5 4. cxd5 Nxd5 5. Bd2 c5 6. dxc5 e5 7. e4 Nxc3 8. Bxc3 Qc7 9. Nf3 f6 10. Bb5+ Bd7 11. Qb3 Qxc5 12. Bxd7+ Nxd7 13. Qxb7 Rb8 14. Qa6 Qb6 15. Qa4 Bb4 16. 0-0 Bxc3 17. bxc3 Ke7 18. Rfd1 Rb7 19. Qa3+ Kf7 20. Nd2 Qb2 21. Qxb2 Rxb2 22. Nc4 1-0

[Event "Skalica op-A"]
[Site "Skalica"]
[Date "2023.08.26"]
[Round "8"]
[White "Jablonicky, Martin"]
[Black "Manik, Mikulas"]
[Result "1/2-1/2"]
[WhiteElo "2376"]
[BlackElo "2319"]
[PlyCount "38"]
[EventDate "2023.08.19"]
[EventType "swiss"]
[EventRounds "9"]
[EventCountry "SVK"]
[SourceTitle "CBM 215 Extra"]
[Source "ChessBase"]
[SourceDate "2023.09.30"]
[SourceVersion "1"]
[SourceVersionDate "2023.09.30"]
[SourceQuality "1"]

1. d4 Nf6 2. Nf3 g6 3. Bf4 Bg7 4. e3 0-0 5. Be2 c5 6. Nbd2 Nc6 7. c3 d6 8. h3 cxd4 9. exd4 Nd5 10. Bg3 e5 11. 0-0 exd4 12. Nc4 Nde7 13. cxd4 Nf5 14. Bh2 d5 15. Nce5 Nfxd4 16. Nxd4 Nxe5 17. Rc1 Qb6 18. b3 Bd7 19. Qd2 Rac8 1/2-1/2

[Event "Skalica op-A"]
[Site "Skalica"]
[Date "2023.08.22"]
[Round "4"]
[White "Jablonicky, Martin"]
[Black "Movsesian, Sergei"]
[Result "0-1"]
[WhiteElo "2376"]
[BlackElo "2610"]
[PlyCount "50"]
[EventDate "2023.08.19"]
[EventType "swiss"]
[EventRounds "9"]
[EventCountry "SVK"]
[SourceTitle "CBM 215 Extra"]
[Source "ChessBase"]
[SourceDate "2023.09.30"]
[SourceVersion "1"]
[SourceVersionDate "2023.09.30"]
[SourceQuality "1"]

1. b4 d5 2. Bb2 Bg4 3. Nf3 Bxf3 4. gxf3 Nd7 5. e3 e5 6. c4 Ngf6 7. Qb3 d4 8. c5 Be7 9. Bc4 0-0 10. d3 c6 11. Ke2 b5 12. cxb6 Nxb6 13. Nd2 Rb8 14. a3 a5 15. Qc2 axb4 16. axb4 Nfd5 17. Bxd5 Nxd5 18. Qxc6 Nxb4 19. Qc4 Qd7 20. Rhb1 Rfc8 21. Qb3 Nd5 22. Qa2 dxe3 23. fxe3 Nb4 24. Qb3 Nc2 25. Qa4 Qh3 0-1

[Event "Skalica op-A"]
[Site "Skalica"]
[Date "2023.08.21"]
[Round "3"]
[White "Polak, Tomas"]
[Black "Jablonicky, Martin"]
[Result "1/2-1/2"]
[WhiteElo "2520"]
[BlackElo "2376"]
[PlyCount "100"]
[EventDate "2023.08.19"]
[EventType "swiss"]
[EventRounds "9"]
[EventCountry "SVK"]
[SourceTitle "CBM 215 Extra"]
[Source "ChessBase"]
[SourceDate "2023.09.30"]
[SourceVersion "1"]
[SourceVersionDate "2023.09.30"]
[SourceQuality "1"]

1. Nf3 g6 2. d4 Bg7 3. c4 d6 4. Nc3 e5 5. e4 Bg4 6. d5 a5 7. Be2 Bxf3 8. Bxf3 h5 9. Nb5 Na6 10. a3 Bh6 11. 0-0 Bxc1 12. Rxc1 Nf6 13. Re1 0-0 14. Rb1 c6 15. dxc6 bxc6 16. Nxd6 a4 17. Qd2 Qe7 18. c5 Nxc5 19. Nc4 Rfd8 20. Qg5 Nd3 21. Re3 Rd4 22. Rxd3 Rxd3 23. Nxe5 Ra5 24. Nxg6 Rxg5 25. Nxe7+ Kf8 26. h4 Rc5 27. Nf5 Rd2 28. b3 Rb5 29. b4 Re5 30. Ne3 Rd4 31. Rc1 Nxe4 32. Rxc6 Nd2 33. Be2 Nb1 34. Ra6 Nc3 35. Bf3 Rxh4 36. Bc6 Rf4 37. g3 Rf6 38. b5 h4 39. b6 hxg3 40. b7 gxf2+ 41. Kh2 Rxe3 42. b8Q+ Kg7 43. Bb5 f1Q 44. Bxf1 Rxf1 45. Ra8 Re2+ 46. Kh3 Rh1+ 47. Kg3 Rg1+ 48. Kh3 Rh1+ 49. Kg3 Rg1+ 50. Kh3 Rh1+ 1/2-1/2

[Event "Piestany op-A"]
[Site "Piestany"]
[Date "2023.07.14"]
[Round "4"]
[White "Nagarkatte, Vedant"]
[Black "Jablonicky, Martin"]
[Result "0-1"]
[WhiteElo "2109"]
[BlackElo "2400"]
[PlyCount "89"]
[EventDate "2023.07.11"]
[EventType "swiss"]
[EventRounds "9"]
[EventCountry "SVK"]
[SourceTitle "EXT 2024"]
[Source "ChessBase"]
[SourceDate "2023.10.10"]
[SourceVersion "1"]
[SourceVersionDate "2023.10.10"]
[SourceQuality "1"]

1. e4 c5 2. Nf3 d6 3. d4 cxd4 4. Nxd4 Nf6 5. Nc3 Nc6 6. Be3 Ng4 7. Nxc6 bxc6 8. Bc1 e5 9. Be2 Nf6 10. 0-0 Be7 11. Bg5 0-0 12. Qd2 Rb8 13. Rab1 h6 14. Bh4 Be6 15. Rfd1 Ne8 16. Bxe7 Qxe7 17. b4 f5 18. b5 cxb5 19. Rxb5 Rc8 20. exf5 Bxf5 21. Bf3 Nf6 22. Rb7 Qe8 23. Nb5 Rxc2 24. Qe3 d5 25. Nc7 Qg6 26. Nxd5 Nxd5 27. Bxd5+ Kh8 28. Qxa7 Bg4 29. Rb8 Rxb8 30. Qxb8+ Rc8 31. Qb7 Rd8 32. Re1 Qc2 33. Bb3 Qd2 34. Qe4 Rc8 35. Qxe5 Be2 36. Qa1 Qg5 37. Kh1 Qf4 38. Kg1 Bd3 39. Qd1 Rf8 40. f3 Qd4+ 41. Kh1 Qf2 42. Rg1 Be2 43. Qd6 Rxf3 44. Qb8+ Rf8 45. Qg3 0-1

[Event "Piestany op-A"]
[Site "Piestany"]
[Date "2023.07.11"]
[Round "1"]
[White "Jablonicky, Martin"]
[Black "O'Cuilleanain, Oisin"]
[Result "1-0"]
[WhiteElo "2400"]
[BlackElo "2130"]
[PlyCount "45"]
[EventDate "2023.07.11"]
[EventType "swiss"]
[EventRounds "9"]
[EventCountry "SVK"]
[SourceTitle "EXT 2024"]
[Source "ChessBase"]
[SourceDate "2023.10.10"]
[SourceVersion "1"]
[SourceVersionDate "2023.10.10"]
[SourceQuality "1"]

1. e4 c5 2. Nf3 d6 3. Bb5+ Nc6 4. Bxc6+ bxc6 5. 0-0 e5 6. c3 Nf6 7. d4 cxd4 8. cxd4 exd4 9. Nxd4 Bd7 10. Nc3 Be7 11. Bf4 0-0 12. Re1 c5 13. Ndb5 Bxb5 14. Nxb5 Qb6 15. Nxd6 Rfd8 16. e5 Ne8 17. Qd5 Bxd6 18. exd6 Qxb2 19. Rab1 Qf6 20. Bg5 Qg6 21. Bxd8 Rxd8 22. d7 Nf6 23. Rb8 1-0

[Event "SVK-ch"]
[Site "Bratislava"]
[Date "2023.07.08"]
[Round "8"]
[White "Druska, Juraj"]
[Black "Jablonicky, Martin"]
[Result "1/2-1/2"]
[WhiteElo "2473"]
[BlackElo "2400"]
[PlyCount "233"]
[EventDate "2023.07.01"]
[EventType "tourn"]
[EventRounds "9"]
[EventCountry "SVK"]
[EventCategory "9"]
[SourceTitle "CBM 215 Extra"]
[Source "ChessBase"]
[SourceDate "2023.09.30"]
[SourceVersion "1"]
[SourceVersionDate "2023.09.30"]
[SourceQuality "1"]

1. d4 g6 2. c4 Bg7 3. Nc3 d6 4. e4 e5 5. Nge2 Nc6 6. Be3 exd4 7. Nxd4 Nge7 8. Be2 0-0 9. 0-0 f5 10. Nxc6 bxc6 11. Bd4 Bh6 12. c5 fxe4 13. cxd6 cxd6 14. Nxe4 Nf5 15. Bc3 d5 16. Ng3 Bg7 17. Rc1 Nxg3 18. hxg3 Bd7 19. Bg4 Bxc3 20. Rxc3 Bxg4 21. Qxg4 Qf6 22. Qa4 Rae8 23. Rxc6 Qxb2 24. Rc7 Qf6 25. Qd7 Qf7 26. Rxa7 Qxd7 27. Rxd7 Re2 28. a4 Ra2 29. Rxd5 Rxa4 30. Rc1 Ra2 31. f3 Kg7 32. g4 Rf7 33. Rc8 Ra6 34. Kh2 Raf6 35. Rdd8 g5 36. Kg3 Rg6 37. Rg8+ Kh6 38. Rh8 Kg7 39. Rcg8+ Kf6 40. Ra8 Kg7 41. Rhg8+ Kh6 42. Rgb8 Kg7 43. Rb5 Rc7 44. Raa5 Kh6 45. Re5 Rb7 46. Kf2 Rb2+ 47. Kg3 Rb7 48. Rec5 Rd7 49. Kh3 Rb7 50. Rf5 Rc7 51. g3 Rb7 52. f4 gxf4 53. gxf4 Kg7 54. Kh4 Rh6+ 55. Rh5 Rxh5+ 56. Kxh5 Rb6 57. Ra7+ Kg8 58. Re7 Rb5+ 59. Kh6 Rb6+ 60. Kg5 Rg6+ 61. Kf5 Ra6 62. Kg5 Rg6+ 63. Kh5 Ra6 64. f5 Rb6 65. Kg5 Ra6 66. Kh5 Rb6 67. Kg5 Ra6 68. f6 Ra1 69. Kf5 Ra5+ 70. Kf4 Ra4+ 71. Kg5 Ra1 72. Rg7+ Kh8 73. Rd7 Kg8 74. Kf5 Rf1+ 75. Ke6 Re1+ 76. Kf5 Rf1+ 77. Kg5 Ra1 78. Re7 Rb1 79. Kh4 Rh1+ 80. Kg5 Ra1 81. Rb7 Ra2 82. Rg7+ Kh8 83. Kh4 Rh2+ 84. Kg3 Ra2 85. g5 Ra3+ 86. Kg4 Ra1 87. Kf5 Ra5+ 88. Ke4 Ra4+ 89. Kd5 Ra5+ 90. Kd4 Ra4+ 91. Kd5 Ra5+ 92. Ke4 Ra4+ 93. Kf5 Ra5+ 94. Kg4 Ra1 95. Re7 Kg8 96. Rb7 Rf1 97. Ra7 Rf2 98. Ra1 Rb2 99. Ra8+ Kf7 100. Ra7+ Kg8 101. Rg7+ Kh8 102. Rc7 Kg8 103. Kf5 Rf2+ 104. Ke6 Re2+ 105. Kd6 Rd2+ 106. Ke7 Re2+ 107. Kd8 Re5 108. Re7 Ra5 109. Rg7+ Kf8 110. Kc8 Ra8+ 111. Kb7 Ra5 112. Kc6 h6 113. Kd6 Rxg5 114. Rh7 Rg1 115. Ke6 Re1+ 116. Kf5 Rf1+ 117. Kg6 1/2-1/2

[Event "SVK-ch"]
[Site "Bratislava"]
[Date "2023.07.07"]
[Round "7"]
[White "Jablonicky, Martin"]
[Black "Sahidi, Samir"]
[Result "0-1"]
[WhiteElo "2400"]
[BlackElo "2505"]
[PlyCount "98"]
[EventDate "2023.07.01"]
[EventType "tourn"]
[EventRounds "9"]
[EventCountry "SVK"]
[EventCategory "9"]
[SourceTitle "CBM 215 Extra"]
[Source "ChessBase"]
[SourceDate "2023.09.30"]
[SourceVersion "1"]
[SourceVersionDate "2023.09.30"]
[SourceQuality "1"]

1. e4 e5 2. Nf3 Nc6 3. Bb5 a6 4. Ba4 b5 5. Bb3 Nf6 6. 0-0 Bc5 7. c3 d6 8. d4 Bb6 9. a4 Rb8 10. a5 Ba7 11. h3 0-0 12. Be3 exd4 13. cxd4 Ne7 14. e5 Ne4 15. Bc2 Bb7 16. Ng5 Nxg5 17. Bxg5 dxe5 18. Qh5 e4 19. Nc3 f6 20. Bf4 Ng6 21. Bh2 f5 22. Rad1 Qe7 23. d5 Bc5 24. d6 Bxd6 25. Bb3+ Kh8 26. Bxd6 cxd6 27. Ne2 f4 28. Nd4 Rf6 29. Rfe1 Qe5 30. Qxe5 Nxe5 31. Ne6 Nd3 32. Re2 d5 33. Nc7 Rd6 34. f3 Rc8 35. fxe4 Nc5 36. e5 Rd7 37. Bxd5 Rdxc7 38. e6 Re8 39. b4 Bxd5 40. Rxd5 Nb7 41. Kf2 Kg8 42. Kf3 Rce7 43. Kxf4 Rxe6 44. Rxe6 Rxe6 45. Rd7 Nd6 46. Ra7 Nc4 47. g4 Ne3 48. g5 h6 49. gxh6 Nd5+ 0-1

[Event "SVK-chT1W 2223"]
[Site "Slovakia"]
[Date "2023.03.11"]
[Round "10.1"]
[White "Jablonicky, Martin"]
[Black "Sahidi, Samir"]
[Result "1/2-1/2"]
[WhiteElo "2392"]
[BlackElo "2504"]
[PlyCount "49"]
[EventDate "2022.10.15"]
[EventType "team-tourn"]
[EventRounds "11"]
[EventCountry "SVK"]
[SourceTitle "EXT 2024"]
[Source "ChessBase"]
[SourceDate "2023.10.10"]
[SourceVersion "1"]
[SourceVersionDate "2023.10.10"]
[SourceQuality "1"]
[WhiteTeam "Trnava Sered"]
[BlackTeam "Bratislava KSN"]
[WhiteTeamCountry "SVK"]
[BlackTeamCountry "SVK"]

1. e4 e5 2. Nf3 Nc6 3. Bb5 a6 4. Ba4 Nf6 5. 0-0 Nxe4 6. d4 b5 7. Bb3 d5 8. dxe5 Be6 9. Nbd2 Nc5 10. c3 Be7 11. Bc2 d4 12. Nb3 d3 13. Bb1 Nxb3 14. axb3 Bf5 15. Be3 Qd5 16. Nd4 Be4 17. Bxd3 Bxd3 18. Nxc6 Be4 19. Qxd5 Bxd5 20. Nxe7 Kxe7 21. b4 Ke6 22. Bd4 h5 23. f3 Bb7 24. Kf2 h4 25. Rfe1 1/2-1/2

[Event "SVK-chT 2223"]
[Site "Slovakia"]
[Date "2023.02.25"]
[Round "7.2"]
[White "Jablonicky, Martin"]
[Black "Karacsonyi, Gellert"]
[Result "1/2-1/2"]
[WhiteElo "2356"]
[BlackElo "2408"]
[PlyCount "233"]
[EventDate "2022.10.22"]
[EventType "team-tourn"]
[EventRounds "11"]
[EventCountry "SVK"]
[SourceTitle "EXT 2024"]
[Source "ChessBase"]
[SourceDate "2023.10.10"]
[SourceVersion "1"]
[SourceVersionDate "2023.10.10"]
[SourceQuality "1"]
[WhiteTeam "Osuske"]
[BlackTeam "Komarno"]
[WhiteTeamCountry "SVK"]
[BlackTeamCountry "SVK"]

1. e4 e5 2. Nf3 Nc6 3. Bb5 a6 4. Ba4 Nf6 5. 0-0 Bc5 6. c3 b5 7. Bb3 d6 8. d4 Bb6 9. h3 h6 10. Be3 0-0 11. Nbd2 Bb7 12. d5 Ne7 13. Bxb6 cxb6 14. Re1 Ng6 15. Nf1 Bc8 16. a4 Bd7 17. axb5 axb5 18. Ng3 Nf4 19. Re3 Qc7 20. Rc1 Rfc8 21. Ne1 g6 22. Nd3 Qd8 23. Nb4 h5 24. Nf1 Nh7 25. Nc6 Qg5 26. Rg3 Qf6 27. Nh2 Kh8 28. Qf1 Rg8 29. Kh1 g5 30. Re3 g4 31. Qxb5 gxh3 32. g3 Ng2 33. Rf3 Qh6 34. Rf1 Ng5 35. Qxb6 Nxf3 36. Nxf3 Bxc6 37. Qxc6 Qf6 38. Nh2 Rab8 39. Bd1 Rxb2 40. Bf3 Qe7 41. Bxh5 Qg5 42. Bxf7 Ne3 43. Qd7 Nxf1 44. Qxh3+ Kg7 45. Bxg8 Nxg3+ 46. fxg3 Rb1+ 47. Kg2 Qd2+ 48. Kf3 Qd3+ 49. Kg4 Qxe4+ 50. Kg5 Qg6+ 51. Kh4 Qh6+ 52. Kg4 Qxh3+ 53. Kxh3 Kxg8 54. Ng4 Rd1 55. Ne3 Rd3 56. Nf5 Rxc3 57. Nxd6 Rd3 58. Kg4 Rxd5 59. Ne4 Kf7 60. Kf5 Ra5 61. g4 Ke7 62. g5 Kf7 63. Nd6+ Ke7 64. Ne4 Rb5 65. Nc3 Rc5 66. Ne4 Ra5 67. g6 Ra6 68. g7 Kf7 69. Kxe5 Kxg7 70. Nc5 Ra1 71. Ne6+ Kf7 72. Nd8+ Ke7 73. Nc6+ Kd7 74. Nd4 Ra5+ 75. Ke4 Kd6 76. Nf5+ Ke6 77. Nd4+ Kf6 78. Nc6 Rc5 79. Nd4 Re5+ 80. Kd3 Re8 81. Kc4 Ke5 82. Nc6+ Kd6 83. Nd4 Re4 84. Kd3 Kd5 85. Nf5 Rf4 86. Ne3+ Kc5 87. Ng2 Ra4 88. Ne3 Rd4+ 89. Ke2 Rd8 90. Kf3 Kd4 91. Nc2+ Kc3 92. Ne3 Kd4 93. Nc2+ Kd3 94. Nb4+ Kc4 95. Nc2 Rf8+ 96. Ke4 Re8+ 97. Kf4 Kd3 98. Nb4+ Kc3 99. Nd5+ Kd4 100. Nf6 Re1 101. Kf5 Re5+ 102. Kf4 Ra5 103. Ne4 Ra1 104. Nd2 Kd3 105. Nb3 Re1 106. Nc5+ Kd4 107. Nb3+ Kc4 108. Nd2+ Kd3 109. Nf3 Rf1 110. Kg4 Ke3 111. Ng5 Rf4+ 112. Kh5 Rf6 113. Kg4 Rf1 114. Ne6 Rf6 115. Ng5 Rg6 116. Kf5 Rxg5+ 117. Kxg5 1/2-1/2

[Event "SVK-chT1W 2223"]
[Site "Slovakia"]
[Date "2023.02.04"]
[Round "8.2"]
[White "Jablonicky, Martin"]
[Black "Kukelko, Alexey"]
[Result "1-0"]
[WhiteElo "2392"]
[BlackElo "2299"]
[PlyCount "65"]
[EventDate "2022.10.15"]
[EventType "team-tourn"]
[EventRounds "11"]
[EventCountry "SVK"]
[SourceTitle "EXT 2024"]
[Source "ChessBase"]
[SourceDate "2023.10.10"]
[SourceVersion "1"]
[SourceVersionDate "2023.10.10"]
[SourceQuality "1"]
[WhiteTeam "Trnava Sered"]
[BlackTeam "Bratislava Doprastav"]
[WhiteTeamCountry "SVK"]
[BlackTeamCountry "SVK"]

1. e4 c5 2. Nf3 d6 3. d4 Nf6 4. Nc3 cxd4 5. Nxd4 Nc6 6. Nxc6 bxc6 7. e5 dxe5 8. Qxd8+ Kxd8 9. Bd2 Bf5 10. 0-0-0 Kc7 11. Na4 a5 12. Bc3 Nd7 13. Bd3 Bg4 14. f3 Be6 15. Rhe1 f6 16. f4 g6 17. fxe5 Bh6+ 18. Kb1 f5 19. Be2 Rhd8 20. Bf3 g5 21. h3 Bg7 22. b3 g4 23. hxg4 fxg4 24. Be4 h5 25. Rd3 Rf8 26. Red1 Rf4 27. Bg6 Bh8 28. Bxh5 Bf5 29. g3 Rf2 30. Rxd7+ Bxd7 31. Bd4 Raf8 32. Bb6+ Kc8 33. Bxf2 1-0

[Event "EU-ch Rapid"]
[Site "Katowice"]
[Date "2022.12.18"]
[Round "9"]
[White "Bergsson, Stefan"]
[Black "Jablonicky, Martin"]
[Result "1-0"]
[WhiteElo "2172"]
[BlackElo "2388"]
[PlyCount "85"]
[EventDate "2022.12.17"]
[EventType "swiss (rapid)"]
[EventRounds "11"]
[EventCountry "POL"]
[SourceTitle "CBM 211 Extra"]
[Source "ChessBase"]
[SourceDate "2023.01.31"]
[SourceVersion "1"]
[SourceVersionDate "2023.01.31"]
[SourceQuality "1"]

1. d4 Nf6 2. Nf3 g6 3. Bg5 Bg7 4. Nbd2 d5 5. e3 0-0 6. Bd3 c5 7. c3 Qb6 8. Qc2 Nc6 9. h4 c4 10. Be2 Bf5 11. Qc1 h5 12. Ne5 Nxe5 13. dxe5 Ne4 14. Bxe7 Rfe8 15. Ba3 Bxe5 16. Nf3 Nxf2 17. Kxf2 Bf4 18. Nd4 Bxe3+ 19. Qxe3 Rxe3 20. Kxe3 Re8+ 21. Kd2 Qc7 22. Raf1 Qg3 23. Nxf5 gxf5 24. Bc5 f4 25. Bf3 Qg6 26. Re1 Re4 27. Re2 Qc6 28. Bd4 f5 29. Rhe1 b5 30. Bxe4 dxe4 31. Rf1 e3+ 32. Kc1 Qe4 33. Rfe1 b4 34. g3 b3 35. axb3 cxb3 36. gxf4 a5 37. Rg1+ Kf7 38. Reg2 e2 39. Rg7+ Ke6 40. R1g6+ Kd5 41. Rd7+ Kc4 42. Rc7+ Kb5 43. Rb6+ 1-0